Geography Quiz

Random Geography or World Quiz

Countries' True Sizes Quiz Stats

 Plays Quiz Updated Jul 18, 2017

Support Sporcle.
Go Orange.
Score 0/16 Timer 05:00
3 Plays Today
% Correct
(B) Greenland
49.2%
(B) Guatemala
48.3%
(B) United States
48%
(B) French Guiana
45.9%
(C) Rwanda
43.9%
(A) Sweden
41.5%
(C) Brazil
40%
(A) United Kingdom
39.8%
% Correct
(B) Gabon
38.6%
(C) Malawi
36.5%
(B) Mongolia
36.1%
(C) Tanzania
35.7%
(A) Ukraine
33.1%
(A) Poland
28.9%
(C) Guinea
27.1%
(A) Texas
22.6%

You're not logged in!

Compare scores with friends on all Sporcle quizzes.
OR
Log In
Forgot?

From the Vault

Disney Title Characters

by LTH

Just be glad we're not asking you to name all 101 of the Dalmatians.
Remove Ads.
Support Sporcle.
Get the best of Sporcle when you Go Orange. This ad-free experience offers more features, more stats, and more fun while also helping to support Sporcle. Thank you for becoming a member.

Show Comments

Extras

Top Quizzes Today


Score Distribution

Your Account Isn't Verified!

In order to create a playlist on Sporcle, you need to verify the email address you used during registration. Go to your Sporcle Settings to finish the process.

Report this User

Report this user for behavior that violates our Community Guidelines.

Details: